000 00320nam a2200133Ia 4500
008 240624s9999 xx 000 0 und d
041 _aeng
082 _a954 GUH
100 _aGUHA RAMACHANDRA
245 _aMAKERS OF MODERN INDIA
260 _c2010
_aNew Delhi
_bPenguin Viking
300 _a549 : p.
365 _cRS
_b25
999 _c16236
_d16236